| 000 | 00788nam a2200217Ia 4500 | ||
|---|---|---|---|
| 003 | GCL | ||
| 008 | 140319s9999 xx 000 0 ara d | ||
| 020 | _a0421287977 | ||
| 040 |
_aGCL / _cGCL |
||
| 082 | 0 | 4 |
_a005.3 _bع ج |
| 100 | 1 | _aعزب محمد عزب | |
| 245 | 1 | 0 |
_aالجديد فى VISUAL BASIC.NET لمستخدمى VISUAL BASIC 6.0 / _cعزب محمد عزب |
| 260 |
_aالقاهرة : _bدار الكتب العلمية للنشر والتوزيع ، _c2004 |
||
| 300 |
_a607 ص ؛ _c25 سم |
||
| 650 | 0 | 4 | _aنظم المعلومات |
| 650 | 0 | 4 | _aالحاسبات الالكترونية - برامج |
| 650 | 0 | 4 | _aفيجوال بيسك |
| 650 | 0 | 4 | _aالبرمجة الالية |
| 650 | 0 | 4 | _aالحاسبات الالكترونية - برمجة |
| 942 |
_2ddc _cBK |
||
| 999 |
_c57583 _d57583 |
||